000 00789nam a2200217Ia 4500
001 18094
003 GE_BSU
008 181216s||||||||xx |||||||||||||| ||und||
020 _aISSN 1522-2212
040 _cGE_BSU
080 _a81(082)+94(479.223)
245 _aსამხრეთ-დასავლეთ საქართველოს სამეცნიერო-კვლევითი ცენტრი: კრებული VI
245 _cტომის რედ. მ. ფაღავა.,მ. ჩოხარაძე
260 _aბათუმი
260 _bშოთა რუსთაველის სახ. უნ-ტი
260 _c2009
300 _a292გვ.27გვ.
541 _h10ლ.
653 _aკრებული
942 _cBK
999 _c51137
_d51137